Countries With the Lowest GDP (nominal) per capita - Statistics

General Stats
  • This quiz has been taken 92 times
  • The average score is 7 of 11
Answer Stats
Continent Answer % Correct
Africa Somalia
82%
Africa Burundi
80%
Africa Central African Republic
78%
Africa Niger
76%
Africa South Sudan
73%
Africa Mozambique
65%
Africa Malawi
58%
Asia Afghanistan
56%
Africa Sierra Leone
53%
Africa Madagascar
45%
Asia North Korea
42%
No matching quizzes found
Score Distribution
Percent of People with Each Score
Percentile by Number Answered
Your Score History
You have not taken this quiz